Stolice państw byłej Jugosławii - klikanie - Statystyki

Ogólne statystyki
  • Ten quiz został rozwiązany 47 razy
  • Średni wynik to 6 z 7
Statystyki odpowiedzi
Hint Odpowiedź % Poprawnych
Serbia Belgrad
92%
Słowenia Lublana
92%
Chorwacja Zagrzeb
92%
Bośnia i Hercegowina Sarajewo
89%
Czarnogóra Podgorica
86%
Kosowo Prisztina
84%
Macedonia Północna Skopje
84%
Nie znaleziono quizów pasujących do podanych kryteriów
Rozkład punktacji
Procent ludzi z każdym wynikiem
Percentyl według liczby udzielonych odpowiedzi
Twoja historia wyników
Nie rozwiązałeś tego quizu